Magnet na talenty
Skupina Matador posúva rast odbornosti a strategické partnerstvá k rozvoju nového biznisu v technológiách pre mobilitu a priemysel.
Salvato in:
| Natura: | Capitolo di libro |
|---|---|
| Lingua: | slovacco |
| Soggetti: | |
| Tags: |
Nessun Tag, puoi essere il primo ad aggiungerne!!
|
MARC
| LEADER | 00000naa a2200000 4500 | ||
|---|---|---|---|
| 001 | 0242021 | ||
| 005 | 20221104112326.8 | ||
| 041 | 0 | |a slo | |
| 044 | |a SK | ||
| 245 | 1 | 0 | |a Magnet na talenty |
| 520 | |a Skupina Matador posúva rast odbornosti a strategické partnerstvá k rozvoju nového biznisu v technológiách pre mobilitu a priemysel. | ||
| 610 | 2 | 0 | |a stratégia podniková |
| 610 | 2 | 0 | |a stratégia podnikateľská |
| 610 | 2 | 0 | |a partnerstvo strategické |
| 610 | 2 | 0 | |a technológie nové |
| 610 | 2 | 0 | |a priemysel strojársky |
| 610 | 2 | 0 | |a automobilizmus |